|
|
|
|
| LEADER |
01123naa a2200409 a 4500 |
| 001 |
000000393 |
| 003 |
SVKKK |
| 005 |
00000000000000.0 |
| 008 |
c xo e engo |
| FMT |
|
|
|
| 020 |
|
|
|a 80-08-01578-0
|
| 038 |
|
|
|a SVKKK
|
| 040 |
|
|
|a SVKKK
|b slo
|e AACR2
|
| 041 |
0 |
|
|a eng
|b rus
|
| 044 |
|
|
|a xo
|c SK
|
| 080 |
|
|
|a 556.53
|2 1981
|
| 100 |
1 |
|
|a Mucha, Igor
|4 aut
|
| 242 |
1 |
0 |
|a Využitie spodnej vody v skalnatých vádí
|
| 245 |
1 |
0 |
|a Ground Water Exploitation in Hard Rock Wadi
|c Mucha Igor, Paulíková Eva
|
| 300 |
|
|
|b Obr. 2,
|
| 500 |
|
|
|a Bratislava, Univerzita Komenského,
|
| 504 |
|
|
|a Res. rus., lit. 3 zázn. v angl.
|
| 650 |
0 |
4 |
|a hydrogeológia
|
| 650 |
0 |
4 |
|a pozorovania dlhodobé
|
| 650 |
0 |
4 |
|a režim vodný
|
| 650 |
0 |
4 |
|a vody spodné
|
| 650 |
0 |
4 |
|a využitie
|x štúdie
|
| 650 |
0 |
4 |
|a vádí (púštne rieky)
|
| 700 |
1 |
|
|a Paulíková, Eva
|4 aut
|
| 773 |
0 |
|
|t Acta geologica et geographica Universitatis Comenianae
|z 80-08-01578-0
|g S. 57-62
|
| 958 |
|
|
|a MS
|
| 958 |
|
|
|a NP
|
| 974 |
|
|
|d 941024
|a 245/324
|
| 992 |
|
|
|a RZB
|
| BAS |
|
|
|
| 852 |
|
|
|a SVKKK
|b BIB
|
| 998 |
|
|
|a GEO
|